The Seventh-Day Adventist church in Latin America and the Caribbean / (Registro nro. 32019)

Detalles MARC
000 -LEADER
campo de control de longitud fija 03927cam a22005654i 4500
003 - IDENTIFICADOR DE NÚMERO DE CONTROL
campo de control PE-LiUPU
005 - FECHA Y HORA DE LA ÚLTIMA TRANSACCIÓN
campo de control 20250731173118.0
008 - DATOS DE LONGITUD FIJA--INFORMACIÓN GENERAL
campo de control de longitud fija 200123s1992 miu rb 001 0 eng d
020 ## - NÚMERO INTERNACIONAL ESTÁNDAR DEL LIBRO
Número Internacional Estándar del Libro 094387257X
Información calificativa (Volumen I, II)
020 ## - NÚMERO INTERNACIONAL ESTÁNDAR DEL LIBRO
Número Internacional Estándar del Libro 9780943872575
Información calificativa (Volumen I, II)
035 ## - NÚMERO DE CONTROL DEL SISTEMA
Número de control de sistema (Sirsi) a252799
040 ## - FUENTE DE CATALOGACIÓN
Centro catalogador/agencia de origen PE-LiUPU
Lengua de catalogación spa
Centro/agencia transcriptor PE-LiUPU
Normas de descripción rda
049 ## - FONDOS LOCALES (OCLC)
Biblioteca depositaria PRUA
082 04 - NÚMERO DE LA CLASIFICACIÓN DECIMAL DEWEY
Número de clasificación 286.78
Cutter G79
Número de edición 20
100 1# - ENTRADA PRINCIPAL--NOMBRE DE PERSONA
Nombre de persona Greenleaf, Floyd,
Término indicativo de función/relación autor.
245 14 - MENCIÓN DEL TÍTULO
Título The Seventh-Day Adventist church in Latin America and the Caribbean /
Mención de responsabilidad, etc. Floyd Greenleaf.
264 #1 - PRODUCCIÓN, PUBLICACIÓN, DISTRIBUCIÓN, FABRICACIÓN Y COPYRIGHT
Producción, publicación, distribución, fabricación y copyright Berrien Springs, Michigan :
Nombre del de productor, editor, distribuidor, fabricante Andrews University Press,
Fecha de producción, publicación, distribución, fabricación o copyright 1992.
300 ## - DESCRIPCIÓN FÍSICA
Extensión 2 volumes ;
Dimensiones 24 centímetros
336 ## - TIPO DE CONTENIDO
Término de tipo de contenido text
Fuente rdacontent
337 ## - TIPO DE MEDIO
Nombre/término del tipo de medio unmediated
Fuente rdamedia
338 ## - TIPO DE SOPORTE
Nombre/término del tipo de soporte unmediated
Fuente rdamedia
504 ## - NOTA DE BIBLIOGRAFÍA, ETC.
Nota de bibliografía, etc. Incluye bibliografía e índice.
505 0# - NOTA DE CONTENIDO CON FORMATO
Nota de contenido con formato Volumen I,
Título Let the earth hear his voice.
Nota de contenido con formato The land and the people -- The cutting edge of adventism -- The first institutions -- Fornation of the South American Union, 1906 -- From South American Union to South American Division, 1906- 16 -- Formation and early years of the West Indian Union -- An Organizational Dilemma Becomes the Inter-American Division, 1913-22 -- Mexico: A land set apart -- Through earthquake, fire, and blood -- Grow in South America Despite difficulties, 1916-26 -- South America's era of self-support -- Inter-America's organization and the english-speaking constituency -- To the andes and beyond -- The Indians call from Inter-America -- In expectancy of the gospel -- Trial by ordeal: South America and the despression -- Trial by years: South America and the despression -- South America's heart attack.
505 0# - NOTA DE CONTENIDO CON FORMATO
Nota de contenido con formato Volumen II,
Título Bear the news to every land.
Nota de contenido con formato The institutions of growth -- Education-Its form and varieties in South America -- A strong, forward step: 1926-41 -- Widening enterprises in Inter-America: 1922-41 -- Widening services and programs in south and Inter-America -- The 1940's: Years of mid-passage -- Special programs during the a Troubled decade in South America -- South America's institutions begin in the Post-War-Era -- Breakthoughs in education and medicine in Inter-America -- Upgrading South America's education -- Membership explosion in the South American Division -- To rise as on man -- Great than these -- A programan of penetration -- Inter-American mobilizes -- For the body and the mind -- Toward a new humanitarianism -- Retrospect.
526 ## - NOTA DE INFORMACIÓN SOBRE EL PROGRAMA DE ESTUDIO
Nombre del programa Segunda Especialidad En Profecías Bíblicas
526 ## - NOTA DE INFORMACIÓN SOBRE EL PROGRAMA DE ESTUDIO
Nombre del programa Segunda Especialidad En Nuevo Testamento
526 ## - NOTA DE INFORMACIÓN SOBRE EL PROGRAMA DE ESTUDIO
Nombre del programa Segunda Especialidad En Antiguo Testamento
526 ## - NOTA DE INFORMACIÓN SOBRE EL PROGRAMA DE ESTUDIO
Nombre del programa Segunda Especialidad En Estudios Adventistas
526 ## - NOTA DE INFORMACIÓN SOBRE EL PROGRAMA DE ESTUDIO
Nombre del programa Doctorado en teología
526 ## - NOTA DE INFORMACIÓN SOBRE EL PROGRAMA DE ESTUDIO
Nombre del programa Maestría en teología histórica
526 ## - NOTA DE INFORMACIÓN SOBRE EL PROGRAMA DE ESTUDIO
Nombre del programa Maestría en teología bíblica
526 ## - NOTA DE INFORMACIÓN SOBRE EL PROGRAMA DE ESTUDIO
Nombre del programa Maestría en teología
526 ## - NOTA DE INFORMACIÓN SOBRE EL PROGRAMA DE ESTUDIO
Nombre del programa Maestría en misionología
526 ## - NOTA DE INFORMACIÓN SOBRE EL PROGRAMA DE ESTUDIO
Nombre del programa Maestría en liderazgo eclesiástico
526 ## - NOTA DE INFORMACIÓN SOBRE EL PROGRAMA DE ESTUDIO
Nombre del programa Teología
596 ## -
-- 1 4
650 07 - PUNTO DE ACCESO ADICIONAL DE MATERIA--TÉRMINO DE MATERIA
Término de materia o nombre geográfico como elemento de entrada Adventistas del séptimo día
Subdivisión geográfica América Latina
Subdivisión general Historia.
650 04 - PUNTO DE ACCESO ADICIONAL DE MATERIA--TÉRMINO DE MATERIA
Término de materia o nombre geográfico como elemento de entrada Adventistas del séptimo día
Subdivisión geográfica América del Caribe
Subdivisión general Historia.
650 04 - PUNTO DE ACCESO ADICIONAL DE MATERIA--TÉRMINO DE MATERIA
Término de materia o nombre geográfico como elemento de entrada América Latina
Subdivisión general Historia de la iglesia.
910 ## - DATOS DE OPCIÓN DEL USUARIO (OCLC)
Datos de opción del usuario dbm
-- ncf
-- ncf
-- 20200123
910 ## - DATOS DE OPCIÓN DEL USUARIO (OCLC)
Datos de opción del usuario dbm
-- ncf
-- ncf
-- 20200205
942 ## - ELEMENTOS DE ENTRADA SECUNDARIOS (KOHA)
Fuente del sistema de clasificación o colocación Clasificación Decimal Dewey
Tipo de ítem Koha
994 ## -
-- C0
-- PEPRU
999 ## - NÚMEROS DE CONTROL DE SISTEMA (KOHA)
-- LC
-- 80983
-- 2021-11-11
-- 2
-- CCODEBUL1
-- BUL
-- 45.84
-- 0
-- Y
-- BOOK
-- 2020-1-23
-- TEOLOGIA
-- P35
-- DONACION
-- .STAFF. Colección Teología
999 ## - NÚMEROS DE CONTROL DE SISTEMA (KOHA)
-- LC
-- 80984
-- 2021-11-11
-- 2
-- CCODEBUL1
-- BUL
-- 45.84
-- 0
-- Y
-- BOOK
-- 2020-1-23
-- TEOLOGIA
-- P35
-- DONACION
-- .STAFF. Colección Teología
999 ## - NÚMEROS DE CONTROL DE SISTEMA (KOHA)
-- DEWEY
-- CW001625
-- 2021-12-23
-- 1
-- CCODECWL1
-- BWL
-- 45.84
-- 1
-- Y
-- BOOK
-- 2020-2-5
-- WHITE
-- UNKNOWN
-- DONACION
-- .STAFF. Colección Elena de White
999 ## - NÚMEROS DE CONTROL DE SISTEMA (KOHA)
-- DEWEY
-- CW001626
-- 2021-12-23
-- 1
-- CCODECWL1
-- BWL
-- 45.84
-- 1
-- Y
-- BOOK
-- 2020-2-5
-- WHITE
-- UNKNOWN
-- DONACION
-- .STAFF. Colección Elena de White
980 ## - EQUIVALENCIA O REFERENCIA-CRUZADA-MENCIÓN DE SERIE--NOMBRE DE PERSONA/TÍTULO [LOCAL, CANADÁ]
ID del último usuario que modificó el registro 1
Nombre del último usuario que modificó el registro ALBERTO SANCHEZ Responsable de Automatización
Existencias
Visto por última vez Número de inventario Total de préstamos Signatura topográfica completa Código de barras Fecha del último préstamo Copia número Coste, precio de reemplazo Fecha de reemplazo Facultad Tipo de ítem Koha Nota pública Estado de pérdida Fuente del sistema de clasificación o colocación Restricciones de uso No para préstamo Colección Programa académico Biblioteca de origen Biblioteca actual Ubicación en estantería Fecha de adquisición Fuente de adquisición Coste, precio normal de compra
2025-12-02 3 1 286.78 G79 1 80983 2022-09-14 e1 50.84 2020-01-23   Libros físicos inventario-2023-12-13 No Perdido Clasificación Decimal Dewey No restringido Disponible para préstamos Colección General Teología Biblioteca CRAI UPeU Lima Biblioteca CRAI UPeU Lima Sala principal 2020-01-23 DONACION 45.84
2025-12-02 3 1 286.78 G79 2 80984 2022-09-14 e1 50.84 2020-01-23   Libros físicos inventario-2023-12-13 No Perdido Clasificación Decimal Dewey No restringido Disponible para préstamos Colección General Teología Biblioteca CRAI UPeU Lima Biblioteca CRAI UPeU Lima Sala principal 2020-01-23 DONACION 45.84